| Tag |
First Indicator |
Second Indicator |
Subfields |
| LEADER |
00000cam a2200000 i 4500 |
| 001 |
in00005760921 |
| 005 |
20260407210835.5 |
| 006 |
m o d |
| 007 |
cr cnu---unuuu |
| 008 |
160815s2017 ne a obf 001 0 eng d |
| 010 |
|
|
|z 2016942314
|
| 019 |
|
|
|a 960029893
|a 961153554
|a 963738916
|a 1235840760
|a 1316166358
|a 1328470269
|a 1340084313
|
| 020 |
|
|
|a 9780323462938
|q (electronic bk.)
|
| 020 |
|
|
|a 0323462936
|q (electronic bk.)
|
| 020 |
|
|
|a 9780323461771
|q (electronic bk.)
|
| 020 |
|
|
|a 0323461778
|q (electronic bk.)
|
| 024 |
8 |
|
|a (WaSeSS)ssj0001777712
|
| 035 |
|
|
|a (OCoLC)956656010
|z (OCoLC)960029893
|z (OCoLC)961153554
|z (OCoLC)963738916
|z (OCoLC)1235840760
|z (OCoLC)1316166358
|z (OCoLC)1328470269
|z (OCoLC)1340084313
|
| 040 |
|
|
|a N$T
|b eng
|e rda
|e pn
|c N$T
|d OCLCO
|d OPELS
|d YDX
|d QCL
|d KNOVL
|d STF
|d OCLCQ
|d COO
|d U3W
|d D6H
|d OCLCF
|d WYU
|d S2H
|d OCLCO
|d VT2
|d OCLCO
|d OCLCQ
|d COA
|d OCLCO
|d OCLCL
|d OCLCQ
|
| 049 |
|
|
|a TXAM
|
| 050 |
|
4 |
|a TP1151.I55
|b B736 2017eb
|
| 072 |
|
7 |
|a TEC
|x 009010
|2 bisacsh
|
| 082 |
0 |
4 |
|a 668.4/12
|2 23
|
| 100 |
1 |
|
|a Brandau, Ottmar,
|e author.
|
| 245 |
1 |
0 |
|a Stretch blow molding /
|c O. Brandau.
|
| 250 |
|
|
|a Third edition.
|
| 264 |
|
1 |
|a Amsterdam ;
|a Boston :
|b Elsevier/William Andrew,
|c ©2017.
|
| 300 |
|
|
|a 1 online resource (xviii, 356 pages) :
|b illustrations
|
| 336 |
|
|
|a text
|b txt
|2 rdacontent
|
| 337 |
|
|
|a computer
|b c
|2 rdamedia
|
| 338 |
|
|
|a online resource
|b cr
|2 rdacarrier
|
| 490 |
1 |
|
|a PDL handbook series
|
| 500 |
|
|
|a Includes index.
|
| 588 |
0 |
|
|a Print version record.
|
| 520 |
|
|
|a Stretch Blow Molding, Third Edition, provides the latest on the blow molding process used to produce bottles of the strength required for carbonated drinks. In this updated handbook, Ottmar Brandau introduces the technology of stretch blow molding, explores practical aspects of designing and running a production line, and looks at practical issues for quality control and troubleshooting. As an experienced engineer, manager, and consultant, Brandau's focus is on optimizing the production process, improving quality, and reducing cycle time. In this new edition, the author has thoroughly reviewed the content of the book, providing updates on new developments in stretch blow molding, including neck sizes, new equipment and processes, and the economics of the process. The book is a thoroughly practical handbook which provides engineers and managers with the toolkit to improve production and engineering aspects in their own businesses, allowing them to save money, increase output, and improve competitiveness by adopting new technologies.
|
| 504 |
|
|
|a Includes bibliographical references and index.
|
| 650 |
|
0 |
|a Polyethylene terephthalate
|x Molding
|v Handbooks, manuals, etc.
|
| 650 |
|
0 |
|a Injection blow molding
|v Handbooks, manuals, etc.
|
| 650 |
|
0 |
|a Plastics
|x Molding
|v Handbooks, manuals, etc.
|
| 650 |
|
6 |
|a Moulage par injection-soufflage
|v Guides, manuels, etc.
|
| 650 |
|
7 |
|a TECHNOLOGY & ENGINEERING
|x Chemical & Biochemical.
|2 bisacsh
|
| 650 |
|
7 |
|a Injection blow molding
|2 fast
|
| 650 |
|
7 |
|a Plastics
|x Molding
|2 fast
|
| 655 |
|
7 |
|a Electronic books.
|2 local
|
| 655 |
|
2 |
|a Handbook
|
| 655 |
|
7 |
|a handbooks.
|2 aat
|
| 655 |
|
7 |
|a Handbooks and manuals
|2 fast
|
| 655 |
|
7 |
|a Handbooks and manuals.
|2 lcgft
|
| 655 |
|
7 |
|a Guides et manuels.
|2 rvmgf
|
| 710 |
2 |
|
|a ScienceDirect (Online service)
|
| 758 |
|
|
|i has work:
|a Stretch blow molding (Text)
|1 https://id.oclc.org/worldcat/entity/E39PCGMJVY4jxrVXJkYD9bVvd3
|4 https://id.oclc.org/worldcat/ontology/hasWork
|
| 776 |
0 |
8 |
|i Print version:
|a Brandau, Ottmar.
|t Stretch blow molding.
|b Third edition.
|d Amsterdam ; Boston : Elsevier/William Andrew, ©2017
|z 9780323461771
|
| 830 |
|
0 |
|a PDL handbook series.
|
| 856 |
4 |
0 |
|u http://proxy.library.tamu.edu/login?url=https://www.sciencedirect.com/science/book/9780323461771
|z Connect to the full text of this electronic book
|t 0
|
| 955 |
|
|
|a Elsevier ScienceDirect 2026-2027
|
| 955 |
|
|
|a Knovel ebooks
|
| 994 |
|
|
|a 92
|b TXA
|
| 999 |
f |
f |
|s da642272-1cde-4b6a-8b1f-5184fdee9625
|i 6947f3f2-d923-460a-9dae-5459acb43ca3
|t 0
|
| 952 |
f |
f |
|a Texas A&M University
|b College Station
|c Electronic Resources
|s www_evans
|d Available Online
|t 0
|e TP1151.I55 B736 2017eb
|h Library of Congress classification
|
| 998 |
f |
f |
|a TP1151.I55 B736 2017eb
|t 0
|l Available Online
|